Statistiques concernant Exemples dans les mécanismes d'actions

Cliquez ici pour prendre le quiz!

Statistiques générales

  • Ce quiz a été pris 307 fois
  • Le résultat moyen est 13 sur 24

Statistiques - réponses

Effet pharmacologique etc...Médicament/Molécule etc..% Correct
Antiagrégant plaquettaireClopidogrel
79%
HypocholestérolémiantsRosuvastatine
79%
Inhibiteur compétitif des récepteurs beta-adrénergiqueBeta-bloquant
74%
Hypocholestérolémiants (pas sur le marché)Niacine
74%
Inhibiteur compétitif des récepteurs H1 à HistamineAntihistaminique
68%
Médicament sans cible préciseLaxatif osmotique
68%
HypocholestérolémiantsSimvastatine
68%
Inhibiteur de la protéine RAFVemurafenib
68%
Médicament sans cible préciseAntiacide gastrique
63%
HypocholestérolémiantsAtorvastatine
63%
Agit sur la transpeptidasePénicilline
63%
Inhibiteur de la protéine RAFDabrafenib
58%
Agit sur les récepteurs nucléairesCorticoïde
53%
Anticorps monoclonal qui reconnait la TNF-alphaInfliximab
53%
HypocholestérolémiantsPravastatine
53%
Médicament intercalentAnthracycline
47%
Inhibiteur de tyrosine kinaseErlotinib
47%
Protéine de fusion semblable aux récepteurs de TNF-alphaEtanercept
47%
Antihypertenseur alpha-bloquantPrazosine
47%
Médicament sans cible préciseRésine chélatrice
47%
Inhibiteur de la protéine MEKTrametinib
37%
Inhibiteur de la protéine mTOREverolimus
32%
Médicament contre le diabèteSulfamide hypoglycémiant
32%
Inhibiteur récepteur EGFR (anticorps)Cetuximab
26%

Distribution des résultats

Percentile par nombre de réponses

% des personnes avec chaque résultat

Votre développement - résultats

Vous n’avez pas pris ce quiz